000
00334nam a2200133Ia 4500
008
150201s2008 xx 000 0 und d
082
_a
603
_b
C08O
100
_a
OXFORD
245
_a
CONCIE COLOUR MEDICAL DICTIONARY
250
_a
4TH
260
_b
OXFORD
_a
DELHI
_c
2008
650
_a
OTHER CLINICAL & NON CLINICAL BOOKS
942
_2
ddc
_c
BK
999
_c
679
_d
679